000 00506nam a2200169Ia 4500
003 GCL
008 140319s9999 xx 000 0 ara d
040 _aGCL /
_cGCL
082 0 4 _aط
_b607
_bط م
100 1 _aطالب عبد عفتان (مترجم)
245 1 0 _aمركبات الفضاء /
_cطالب عبد عفتان (مترجم)
300 _a31 ص
490 _aالكتاب العلمى
_v0
650 0 4 _aالاقمار الصناعية
650 0 4 _aمركبات الفضاء
942 _2ddc
_cBK
999 _c45406
_d45406